| 000 | 02230cam a22003854a 4500 | ||
|---|---|---|---|
| 999 |
_c328992 _d328992 |
||
| 001 | 17253179 | ||
| 003 | Nust | ||
| 005 | 20170420125502.0 | ||
| 008 | 120412s2012 flua b 001 0 eng | ||
| 010 | _a 2012014569 | ||
| 020 | _a9781439887967 (hardback) | ||
| 040 |
_aDLC _cDLC _dDLC |
||
| 042 | _apcc | ||
| 050 | 0 | 0 |
_aTD174 _b.L58 2012 |
| 082 | 0 | 0 |
_a363.730151 LIT _223 |
| 084 |
_a363.730151 LIT _2bisacsh |
||
| 100 | 1 | _aLittle, Keith W. | |
| 245 | 1 | 0 |
_aEnvironmental fate and transport analysis with compartment modeling / _cKeith W. Little. |
| 260 |
_aBoca Raton, FL : _bTaylor & Francis, _cc2012. |
||
| 300 |
_axv, 227 p. : _bill. ; _c25 cm. |
||
| 500 | _aH.B | ||
| 504 | _aIncludes bibliographical references and index. | ||
| 520 |
_a"This book examines mathematical modeling and computer simulations that estimate the distribution of chemical contaminants in environmental media in time and space. Discussing various modeling issues in a single volume, this text provides an introduction to a specific numerical modeling technique called the compartment approach and offers a practical user's guide to the GEM. It includes the Generic Environmental Model (GEM) software package, which implements the techniques described. The author presents algorithms for solving linear and nonlinear systems of algebraic equations as well as systems of linear and nonlinear partial differential equations"-- _cProvided by publisher. |
||
| 650 | 0 |
_aPollution _xMathematical models. |
|
| 650 | 0 |
_aTransport theory _xMathematical models. |
|
| 650 | 0 |
_aDiffusion _xMathematical models. |
|
| 650 | 0 | _aCross-media pollution. | |
| 650 | 0 | _aCompartmental analysis (Biology) | |
| 650 | 0 | _aPollutants. | |
| 650 | 0 | _aDifferential equations. | |
| 650 | 7 |
_aSCIENCE / Chemistry / General _2bisacsh. |
|
| 650 | 7 |
_aSCIENCE / Environmental Science _2bisacsh. |
|
| 650 | 7 |
_aTECHNOLOGY & ENGINEERING / Environmental / General _2bisacsh. |
|
| 906 |
_a7 _bcbc _corignew _d1 _eecip _f20 _gy-gencatlg |
||
| 942 |
_2ddc _cBK _k363.730151 LIT |
||